Tras las huellas : (Registro nro. 14640)

Detalles MARC
000 -LEADER
fixed length control field 01159nam a22002897a 4500
003 - CONTROL NUMBER IDENTIFIER
control field OSt
005 - DATE AND TIME OF LATEST TRANSACTION
control field 20240426121143.0
007 - PHYSICAL DESCRIPTION FIXED FIELD--GENERAL INFORMATION
fixed length control field ta
008 - FIXED-LENGTH DATA ELEMENTS--GENERAL INFORMATION
fixed length control field 210309b 2020 dr a 00| 0 spa d
020 ## - INTERNATIONAL STANDARD BOOK NUMBER
International Standard Book Number 9789945917352
040 ## - CATALOGING SOURCE
Original cataloging agency DO-SdBNP
Language of cataloging spa
Transcribing agency BPMSU
082 #4 - DEWEY DECIMAL CLASSIFICATION NUMBER
Classification number 616.89156
Item number F673t 2020
Edition number 22
100 1# - MAIN ENTRY--PERSONAL NAME
Personal name Foundeur, Eleonora
245 10 - TITLE STATEMENT
Title Tras las huellas :
Remainder of title alcances y límites de la terapia de constelaciones familiares individuales y grupales desde mi práctica terapéutica profesional /
Statement of responsibility, etc. Eleonora Fondeur ; edición, Piero Espinal Estévez ; ilustraciones, Juan José Vásquez ; prólogo, Isabela Oliveira.
260 ## - PUBLICATION, DISTRIBUTION, ETC. (IMPRINT)
Place of publication, distribution, etc. San José de las Matas, República Dominicana :
Name of publisher, distributor, etc. Opus,
Date of publication, distribution, etc. 2020.
300 ## - PHYSICAL DESCRIPTION
Extent 150 p. :
Other physical details il. ;
Dimensions 22 cm.
500 ## - GENERAL NOTE
General note Incluye datos biográficos de la autora en las solapas.
504 ## - BIBLIOGRAPHY, ETC. NOTE
Bibliography, etc Bibliografía : p. 11-115
590 ## - LOCAL NOTE (RLIN)
Local note Inventariado, 2024 /VM<br/><br/><br/>
650 #4 - SUBJECT ADDED ENTRY--TOPICAL TERM
Topical term or geographic name as entry element Psicoterapia
650 #4 - SUBJECT ADDED ENTRY--TOPICAL TERM
Topical term or geographic name as entry element Psicoterapia familiar
700 1# - ADDED ENTRY--PERSONAL NAME
Personal name Espinal Estévez, Piero,
Relator term edición
700 1# - ADDED ENTRY--PERSONAL NAME
Personal name Oliveira, Isabela,
Relator term prólogo
700 1# - ADDED ENTRY--PERSONAL NAME
Personal name Vásquez, Juan José,
Relator term il.
910 ## - USER-OPTION DATA (OCLC)
User-option data VMateo V. Control de calidad BPMSU
942 ## - ADDED ENTRY ELEMENTS (KOHA)
Source of classification or shelving scheme Dewey Decimal Classification
Koha item type Libros
Existencias
Withdrawn status Lost status Source of classification or shelving scheme Damaged status Not for loan Collection code Home library Current library Date acquired Total Checkouts Full call number Barcode Date last seen Price effective from Koha item type
    Dewey Decimal Classification     Colección Dominicana Biblioteca Pública Metropolitana Salomé Ureña Biblioteca Pública Metropolitana Salomé Ureña 04/26/2024   BPMSU CD 616.89156 F673t 2020 BPMSU24040036 04/26/2024 04/26/2024 Libros